000 00672nam a2200229Ia 4500
003 OSt
005 20220925215411.0
006 a|||||r|||| 00| 0
007 ta
008 220923b |||||||| |||| 00| 0 eng d
037 _cGeneral Book
040 _aRTL
_cRTL
_beng
041 _2eng
_aeng
082 _aX:99N.3.N65<--N64, K6/GD
111 _aGreat Britain, University Grants (Committee)
_9282764
245 0 _aFirst employment of university graduates, 1964-65
260 _aLondon
_bHMSO UK
_c1966
300 _a64p.
_ccm.
650 _aFull Employment
942 _hX:99N.3.N65<--N64, K6/GD
_cGB
_2CC
999 _c568707
_d568707